LIBRARY & INFORMATION CENTRE, KCAET, TAVANUR

ONLINE PUBLIC ACCESS CATALOGUE (OPAC)

Fundamentals of entrepreneurship (Record no. 15383)

MARC details
000 -LEADER
fixed length control field 00314nam a22001217a 4500
020 ## - INTERNATIONAL STANDARD BOOK NUMBER
ISBN 9788120328679
082 ## - DEWEY DECIMAL CLASSIFICATION NUMBER
Classification number 338.10973
Item number MOH/FU
100 ## - MAIN ENTRY--AUTHOR NAME
Personal name Mohanty, Sangram Keshari
245 ## - TITLE STATEMENT
Title Fundamentals of entrepreneurship
260 ## - PUBLICATION, DISTRIBUTION, ETC. (IMPRINT)
Place of publication Delhi
Name of publisher PHI Learnign private limited
Year of publication 2017
300 ## - PHYSICAL DESCRIPTION
Number of Pages 187p
942 ## - ADDED ENTRY ELEMENTS (KOHA)
Koha item type Book Bank scheme for SC students
Holdings
Withdrawn status Lost status Damaged status Home library Current library Shelving location Date acquired Cost, normal purchase price Full call number Accession Number Koha item type
      KAUAET KAUAET Scheme 31/03/2018 225.00 338.10973 MOH/FU BB 499 Book Bank scheme for SC students
      KAUAET KAUAET Scheme 31/03/2018 225.00 338.10973 MOH/FU BB 500 Book Bank scheme for SC students
free website counter